000 00670nam a2200241Ia 4500
003 OSt
005 20220918194148.0
006 a|||||r|||| 00| 0
007 ta
008 220917b |||||||| |||| 00| 0 eng d
024 _a78,048
037 _cTextual
040 _aARTS
_cARTS
_beng
041 _2eng
_aeng
082 _aS, H61 (GE)
100 _aPillsbury W B
_983578
245 0 _aHandbook of general psychology
_b a summary of essentials and a dictionary of terms
260 _c1946
650 _aPSYCHOLOGY
700 _a Pennington L A
_983766
942 _hS, H61 (GE)
_cTEXL
_2CC
999 _c201902
_d201902